1479 1833 1366 1807 1698 1648 1131 1186 1847 1982 1296 1909 1066 1932 1039 1515 1960 1906 1187 1559 1127 1158 1989 1819 1024 1888 1349 1754 1753 1466 1283 1311 1329 1569 1930 1402 1336 1315 1904 1159 1935 1249 1844 1699 1689 1390 1146 1214 1919 1992 1911 1905 1954 1571 1354 1786 1777 1574 1038 1217 1438 1699 1308 1058 1696 1073 1443 1854 1197 1254 1154 1842 1075 1551 1688 1842 1374 1710 1454 1909 1819 1757 1961 1659 1034 1710 1953 1119 1968 1141 1438 1782 1524 1495 1260 1127 1386 1341 1495 BCNSPRNW ULIB Ver.6.0+V

เปลี่ยนเป็นภาษาไทย

Change to English
 แสดงรายละเอียดบรรณานุกรม
  กลับหน้าหลัก

Brief Record : Get Marc (ISO 2709) : E-mail record : QR code < ปิดหน้าต่าง
LEADER : 00000nam 2200000uu 4500
001    13399109642
003     ULIB
008    110407s2544||||th 000 0 tha d
020    9746652729
060  4 WV100^bก677ต 2544
100 0  กิติรัตน์ อังกานนท์
245 10 ตำราโรคหูคอจมูกในผู้ป่วยเด็ก =^bPediatric otolaryngology /^cผู้นิพนธ์, กิติรัตน์ อังกานนท์, ปกิต วิชยานนท์ ; บรรณาธิการ, กิติรัตน์ อังกานนท์, อภิชัย วิธวาศิริ, ฉวีวรรณบุนนาค
246 31 Pediatric otolaryngology
250    พิมพ์ครั้งที่ 1
260    กรุงเทพฯ :^bคณะแพทยศาสตร์ศิริราชพยาบาล มหาวิทยาลัยมหิดล,^c2544
300    265 หน้า :^bภาพประกอบ ;^c21 ซม.
650  7 หูคอจมูก, โรค^xในวัยทารกและวัยเด็ก
653    ผลงานอาจารย์คณะแพทยศาสตร์ศิริราชพยาบาล
700 0  ปกิต วิชยานนท์
700 0  ฉวีวรรณ บุนนาค,^eบรรณาธิการ
700 0  อภิชัย วิธวาศิริ,^eบรรณาธิการ
710 2  มหาวิทยาลัยมหิดล. ^bคณะแพทยศาสตร์ศิริราชพยาบาล
945    ^p0^l0^i015160
945    ^p0^l0^i014670
945    ^p0^l0^i014668
945    ^p0^l0^i014671
945    ^p0^l0^i014669
995    เกษร
999 ^a ใช้งานได้ทุกระบบ
รายการนี้ยังไม่มีแท็ก
คุณยังไม่ได้ล็อกอิน คุณสามารถมีกิจกรรมร่วมกับเว็บไซต์ได้ แต่ต้องล็อกอินก่อน ::
  ล็อกอิน

รายการสื่อสารสนเทศ

ลำดับที่ ประเภท เลขเรียก/บาร์โค้ด สถานที่ สถานะ
- ไม่พบข้อมูล -

รายการใกล้เคียง
    ผู้แต่ง [กิติรัตน์ อังกานนท์]

BibComment


ยังไม่เคยถูกคอมเมนท์

คอมเมนท์ทรัพยากรรายการนี้
  คอมเมนท์: ตำราโรคหูคอจมูกใน..


 Copyright 2026. Bcnsprnw @Library